Možnosti znižovania nákladov spoločnosti B. K. - Prešov diplomová práca

Guardado en:
Detalles Bibliográficos
Autor principal: Gombita, Dominik
Autor Corporativo: Podnikovohospodárska fakulta EU so sídlom v Košiciach. Katedra účtovníctva a financií
Otros Autores: Neufeld, Juraj, 1946-
Formato: Libro
Lenguaje:eslovaco
Publicado: Košice 2011
Etiquetas: Agregar Etiqueta
Sin Etiquetas, Sea el primero en etiquetar este registro!

MARC

LEADER 00000nbm a2200000 4500
001 0130526
005 20161109101543.8
041 0 |a slo 
044 |a SK 
245 1 0 |a Možnosti znižovania nákladov spoločnosti B. K. - Prešov  |b diplomová práca  |c Dominik Gombita ; školiteľ: Juraj Neufeld 
264 1 |a Košice  |c 2011 
300 |a 60 s. 
100 1 |a Gombita, Dominik 
700 1 |a Neufeld, Juraj, 1946- 
710 2 |a Podnikovohospodárska fakulta EU so sídlom v Košiciach. Katedra účtovníctva a financií